[Event "KO, MT with ID 6000 !!!"]
[Site "SchemingMind.com"]
[Date "2012.04.11"]
[Round "-"]
[White "ray winteringham"]
[Black "Luki212"]
[Result "0-1"]
[WhiteCountry "ENG"]
[BlackCountry "SVK"]
[WhiteElo "1513"]
[WhiteRD "53"]
[BlackElo "2021"]
[BlackRD "87"]
[GameID "308059"]

1. d4 Nf6 2. Bg5 d5 3. Bxf6 exf6 4. c4 dxc4 5. e4 Nc6 6. d5 Ne5 7. Nd2 Bd6 8. Ngf3 O-O 9. Bxc4 f5 10. O-O fxe4
11. Nxe4 Nxc4 12. Nfg5 Bf5 13. Qh5 Bg6 14. Qe2 Nb6 15. f3 h6 16. Nh3 Re8 17. Rfd1 Qh4 18. Nxd6 Rxe2 19. Nxb7 Rae8 20. Rac1 Re1+
0-1

[Event "KO, MT with ID 6000 !!!"]
[Site "SchemingMind.com"]
[Date "2012.04.13"]
[Round "-"]
[White "Lanaroon"]
[Black "Iucounu"]
[Result "1-0"]
[WhiteCountry "ENG"]
[BlackCountry "ENG"]
[WhiteElo "1649"]
[WhiteRD "86"]
[BlackElo "1265"]
[BlackRD "53"]
[GameID "308123"]

1. d4 d5 2. c4 dxc4 3. Nf3 Bg4 4. e3 e6 5. Bxc4 Bb4+ 6. Bd2 Bxd2+ 7. Nbxd2 Nf6 8. h3 Bh5 9. g4 Bg6 10. Ne5 Nbd7
11. Qf3 b6 12. Bb5 Be4 13. Bxd7+ Kf8 14. Nxe4 Qe7 15. Nxf6 Qxf6 16. Qxa8+ Ke7 17. Qxh8 Kd6 18. Qf8+ Qe7 19. Qxe7+ Kxe7 20. Bb5 f6
21. Nc6+
1-0

[Event "KO, MT with ID 6000 !!!"]
[Site "SchemingMind.com"]
[Date "2012.04.12"]
[Round "-"]
[White "Iucounu"]
[Black "Lanaroon"]
[Result "0-1"]
[WhiteCountry "ENG"]
[BlackCountry "ENG"]
[WhiteElo "1265"]
[WhiteRD "53"]
[BlackElo "1649"]
[BlackRD "86"]
[GameID "308131"]

1. e4 e5 2. Nf3 Nc6 3. Bb5 a6 4. Ba4 Nf6 5. d3 b5 6. Bb3 Bc5 7. O-O h6 8. Qe2 d6 9. Be3 Qe7 10. Bxc5 dxc5
11. a3 Bg4 12. h3 Nd4 13. hxg4 Nxe2+ 14. Kh1 Nxg4 15. Nc3 Nd4 16. Nxd4 Qh4+
0-1

[Event "KO, MT with ID 6000 !!!"]
[Site "SchemingMind.com"]
[Date "2012.04.13"]
[Round "-"]
[White "Majoanis"]
[Black "kubinet"]
[Result "0-1"]
[WhiteCountry "CAN"]
[BlackCountry "GER"]
[WhiteElo "1687"]
[WhiteRD "53"]
[BlackElo "1682"]
[BlackRD "59"]
[GameID "308181"]

1. Nf3 d5 2. d4 Nf6 3. c4 e6 4. g3 Be7 5. Bg2 O-O 6. O-O Nbd7 7. Qc2 h6 8. Nbd2 c6 9. e4 dxe4 10. Nxe4 Nxe4
11. Qxe4 Nf6 12. Qc2 Qc7 13. b3 b6 14. Bf4 Bd6 15. Bxd6 Qxd6 16. c5 Qc7 17. b4 b5 18. Ne5 Bb7 19. a4 a6 20. a5 Rad8
21. Rad1 Nd5 22. Bxd5 exd5 23. Rde1 Bc8 24. Re3 Bh3 25. Rfe1 Rde8 26. g4 f6 27. Ng6 Rxe3 28. Rxe3 Bxg4 29. Nxf8 Kxf8 30. Qh7 Kf7
31. Rg3 Qf4 32. Qd3 Bf5 33. Qe3 Qh4
0-1

[Event "KO, MT with ID 6000 !!!"]
[Site "SchemingMind.com"]
[Date "2012.04.13"]
[Round "-"]
[White "kubinet"]
[Black "Majoanis"]
[Result "1-0"]
[WhiteCountry "GER"]
[BlackCountry "CAN"]
[WhiteElo "1682"]
[WhiteRD "59"]
[BlackElo "1687"]
[BlackRD "53"]
[GameID "308182"]

1. e4 Nf6 2. e5 Nd5 3. d4 d6 4. c4 Nb6 5. f4 dxe5 6. fxe5 Nc6 7. Be3 Bf5 8. Nc3 e6 9. Nf3 Bg4 10. h3 Bxf3
11. Qxf3 Qd7 12. Rd1 O-O-O 13. Be2 Bb4 14. O-O Rhf8 15. Ne4 Be7 16. a3 f6 17. Qg3 Rf7 18. b4 f5 19. Nc3 a6 20. d5
1-0

[Event "KO, MT with ID 6000 !!!"]
[Site "SchemingMind.com"]
[Date "2012.04.15"]
[Round "-"]
[White "Lastcafe"]
[Black "Phillip Beckett"]
[Result "1-0"]
[WhiteCountry "THA"]
[BlackCountry "ENG"]
[WhiteElo "1777"]
[WhiteRD "104"]
[BlackElo "1575"]
[BlackRD "55"]
[GameID "308280"]

1. c4 e5 2. e4 Nf6 3. Bd3 Nc6 4. Nc3 d6 5. Nf3 g6 6. h3 Bg7 7. O-O O-O 8. Bc2 Be6 9. d3 Nd4 10. Nxd4 exd4
11. Ne2 c5 12. Bd2 Nd7 13. f4 f5 14. exf5 Bxf5 15. Ng3 Be6 16. Re1 Bf7 17. Ne4 Qh4 18. Nxd6 b6 19. Qf3 Nf6 20. Nxf7 Kxf7
21. b4 Rae8 22. bxc5 bxc5 23. Rab1 Rxe1+ 24. Bxe1 Qh5 25. g4 Qh6 26. g5 Qh5 27. Qb7+
1-0

[Event "KO, MT with ID 6000 !!!"]
[Site "SchemingMind.com"]
[Date "2012.04.15"]
[Round "-"]
[White "Phillip Beckett"]
[Black "Lastcafe"]
[Result "0-1"]
[WhiteCountry "ENG"]
[BlackCountry "THA"]
[WhiteElo "1575"]
[WhiteRD "55"]
[BlackElo "1777"]
[BlackRD "104"]
[GameID "308284"]

1. e4 c5 2. Nf3 Nf6 3. Nc3 Nc6 4. d4 cxd4 5. Nxd4 Nxd4 6. Qxd4 d6 7. Bg5 a6 8. O-O-O Qa5 9. f3 Qxg5+ 10. Kb1 Qc5
11. Qxc5 dxc5 12. Bc4 e6 13. Rhe1 Nd7 14. Bf1 b5 15. Ne2 Bb7 16. Nf4 c4 17. Rd2 Bc5 18. Ne2 Be3 19. Rd6 Ke7 20. Red1 Nc5
21. Nc1 Bf4 22. Rb6 Bc7 23. Rxb7 Nxb7 24. Ne2 Rhd8 25. Rxd8 Rxd8
0-1

[Event "KO, MT with ID 6000 !!!"]
[Site "SchemingMind.com"]
[Date "2012.04.20"]
[Round "-"]
[White "Clive Everill"]
[Black "Lisek"]
[Result "1-0"]
[WhiteCountry "CZE"]
[BlackCountry "POL"]
[WhiteElo "1809"]
[WhiteRD "55"]
[BlackElo "1218"]
[BlackRD "152"]
[GameID "308691"]

1. e4 e5 2. f4 exf4 3. Nf3 h5 4. d4 Bb4+ 5. c3 Ba5 6. Bxf4 g6 7. Bc4 Nc6 8. Ng5 b6 9. Bxf7+ Kf8 10. O-O Nf6
11. Bxc7 Qxc7 12. Rxf6 Qd8 13. Qf3 Kg7 14. Rxg6+ Kf8 15. Bd5+ Ke7 16. Qf7#
1-0

[Event "KO, MT with ID 6000 !!!"]
[Site "SchemingMind.com"]
[Date "2012.04.20"]
[Round "-"]
[White "John Hamer"]
[Black "Saint John"]
[Result "1-0"]
[WhiteCountry "ENG"]
[BlackCountry "ENG"]
[WhiteElo "1968"]
[WhiteRD "70"]
[BlackElo "866"]
[BlackRD "218"]
[GameID "308693"]

1. c4 Nc6 2. Nc3 e6 3. d4 f5 4. Nf3 Nf6 5. d5 Nb4 6. a3 Na6 7. b4 c5 8. b5 Nc7 9. d6 Nxb5 10. Nxb5 Qa5+
11. Bd2 Qa6 12. Nc7+ Kf7 13. Nxa6
1-0

[Event "KO, MT with ID 6000 !!!"]
[Site "SchemingMind.com"]
[Date "2012.04.23"]
[Round "-"]
[White "Lisek"]
[Black "Clive Everill"]
[Result "0-1"]
[WhiteCountry "POL"]
[BlackCountry "CZE"]
[WhiteElo "1218"]
[WhiteRD "152"]
[BlackElo "1809"]
[BlackRD "55"]
[GameID "308699"]

1. e3 e5 2. g3 d5 3. c3 Nf6 4. a3 Bd6 5. b4 Bf5 6. f4 e4 7. d4 O-O 8. Bh3 Bxh3 9. Nxh3 Nbd7 10. O-O Nb6
11. Nd2 Qd7 12. Qc2 Qxh3 13. Bb2 Ng4 14. Qd1 Qxh2#
0-1

[Event "KO, MT with ID 6000 !!!"]
[Site "SchemingMind.com"]
[Date "2012.04.20"]
[Round "-"]
[White "Saint John"]
[Black "John Hamer"]
[Result "0-1"]
[WhiteCountry "ENG"]
[BlackCountry "ENG"]
[WhiteElo "866"]
[WhiteRD "218"]
[BlackElo "1968"]
[BlackRD "70"]
[GameID "308701"]

1. c4 Nf6 2. Nc3 e6 3. d3 d5 4. b3 c6 5. Bb2 d4 6. Na4 Bb4+ 7. Qd2 Bxd2+ 8. Kxd2 Qa5+ 9. Nc3 e5 10. a3 dxc3+
11. Bxc3 Qb6 12. Nf3 Nbd7
0-1

[Event "KO, MT with ID 6000 !!!"]
[Site "SchemingMind.com"]
[Date "2012.04.22"]
[Round "-"]
[White "spoke"]
[Black "Scooter"]
[Result "1/2-1/2"]
[WhiteCountry "GER"]
[BlackCountry "USA"]
[WhiteElo "1887"]
[WhiteRD "68"]
[BlackElo "1801"]
[BlackRD "49"]
[GameID "308814"]

1. e4 c6 2. d4 d5 3. e5 Bf5 4. Bd3 Bxd3 5. Qxd3 e6 6. Nc3 Bb4 7. Ne2 Ne7 8. Bg5 h6 9. Bxe7 Qxe7 10. a3 Bxc3+
11. bxc3 Nd7 12. O-O O-O 13. Rfb1 b6 14. c4 dxc4 15. Qxc4 c5 16. c3 cxd4 17. cxd4 Rfc8 18. Qb4 Qg5 19. Rc1 a6 20. Qd6 Rxc1+
21. Rxc1 Qd2 22. Qxd7 Qxe2 23. Qc6 Rf8 24. Qxb6 Qd2 25. Rb1 Rc8 26. Rf1 Rc1 27. Qxa6 Rxf1+ 28. Qxf1 Qxd4 29. Qe1 g5 30. g3 Qc5
31. Qa1 Qa5 32. a4 Kg7 33. Qd4 Kg8 34. Kg2 Kf8 35. Kh3 Qa6 36. Qc5+ Kg7 37. Qb5 Qc8 38. Kg2 Qc2 39. a5 Qe4+ 40. Kf1 Qh1+
41. Ke2=
1/2-1/2

[Event "KO, MT with ID 6000 !!!"]
[Site "SchemingMind.com"]
[Date "2012.04.22"]
[Round "-"]
[White "Scooter"]
[Black "spoke"]
[Result "0-1"]
[WhiteCountry "USA"]
[BlackCountry "GER"]
[WhiteElo "1737"]
[WhiteRD "53"]
[BlackElo "1837"]
[BlackRD "68"]
[GameID "308820"]

1. d4 d5 2. Nf3 Nf6 3. Bf4 e6 4. h3 Bd6 5. Bxd6 Qxd6 6. c3 Nc6 7. e3 O-O 8. Bd3 e5 9. dxe5 Nxe5 10. Nxe5 Qxe5
11. Nd2 Be6 12. Nf3 Qd6 13. O-O Rad8 14. Qc2 h6 15. Nd4 a6 16. Nf5 Bxf5 17. Bxf5 Rfe8 18. Rad1 c6 19. c4 Qc5 20. Rd4 dxc4
21. Bd3 Rxd4 22. exd4 Qxd4 23. Bxc4 Rd8 24. Qb3 Rd7 25. Be2 Ne4 26. Qc2 Ng3 27. Re1 Re7
0-1

[Event "KO, MT with ID 6000 !!!"]
[Site "SchemingMind.com"]
[Date "2012.04.26"]
[Round "-"]
[White "Wojciech  Langer"]
[Black "reo"]
[Result "1-0"]
[WhiteCountry "INT"]
[BlackCountry "THA"]
[WhiteElo "1722"]
[WhiteRD "86"]
[BlackElo "1791"]
[BlackRD "93"]
[GameID "308910"]

1. c4 Nf6 2. d4 e6 3. Nc3 Bb4 4. e3 O-O 5. Bd3 d5 6. Nf3 c5 7. O-O Nc6 8. a3 Ba5 9. cxd5 exd5 10. dxc5 Bxc3
11. bxc3 Qa5 12. Qc2 Qxc5 13. Bd2 Re8 14. Rfe1 Ne4 15. c4 Be6 16. cxd5 Qxd5 17. Bxe4
1-0

[Event "KO, MT with ID 6000 !!!"]
[Site "SchemingMind.com"]
[Date "2012.04.25"]
[Round "-"]
[White "reo"]
[Black "Wojciech  Langer"]
[Result "1-0"]
[WhiteCountry "THA"]
[BlackCountry "INT"]
[WhiteElo "1791"]
[WhiteRD "93"]
[BlackElo "1722"]
[BlackRD "86"]
[GameID "308912"]

1. e4 e5 2. Nf3 Nc6 3. Bb5 a6 4. Ba4 Nf6 5. O-O Be7 6. Re1 b5 7. Bb3 d6 8. c3 O-O 9. h3 Na5 10. Bc2 c5
11. d4 cxd4 12. cxd4 exd4 13. Nxd4 Nc4 14. a3 Bb7 15. Nc3 Qd7 16. b3 Ne5 17. f4 Nc6 18. Nf5 d5 19. e5 Ne8 20. Nxd5 Qe6
21. Be4 Rb8 22. Qg4 g6 23. Nfxe7+ Nxe7 24. Qxe6 fxe6 25. Nxe7+ Kf7 26. Bxb7 Kxe7 27. Bf3 Nc7 28. Be3 Rfd8 29. Rad1 Nd5 30. Bxd5
1-0

[Event "KO, MT with ID 6000 !!!"]
[Site "SchemingMind.com"]
[Date "2012.04.24"]
[Round "-"]
[White "ajswegiel"]
[Black "emvarela"]
[Result "1-0"]
[WhiteCountry "POL"]
[BlackCountry "ARG"]
[WhiteElo "2187"]
[WhiteRD "100"]
[BlackElo "1743"]
[BlackRD "46"]
[GameID "308962"]

1. d4 Nf6 2. c4 e6 3. Nc3 Bb4 4. e3 O-O 5. Ne2 d5 6. cxd5 exd5 7. g3 Bxc3+ 8. Nxc3 Bg4 9. f3 Be6 10. Bg2 Nc6
11. O-O a6 12. a3 b5 13. Ne2 Qd6 14. e4 Nd7 15. e5 Qe7 16. Qc2 Ndb8 17. Be3 b4 18. a4 a5 19. g4 f6 20. f4 g6
21. f5 gxf5 22. gxf5 Bf7 23. e6 Be8 24. Bh6
1-0

[Event "KO, MT with ID 6000 !!!"]
[Site "SchemingMind.com"]
[Date "2012.04.24"]
[Round "-"]
[White "baron1"]
[Black "maro"]
[Result "1-0"]
[WhiteCountry "ENG"]
[BlackCountry "MEX"]
[WhiteElo "2409"]
[WhiteRD "112"]
[BlackElo "1401"]
[BlackRD "62"]
[GameID "308963"]

1. e4 e5 2. Nf3 Nc6 3. Bb5 a6 4. Ba4 Nge7 5. c3 d6 6. d4 exd4 7. cxd4 Bd7 8. Bb3 Ng6 9. Ng5 Be6 10. d5 Na5
11. dxe6 fxe6 12. Bxe6 Qe7 13. Qh5 d5 14. Nc3 dxe4 15. Nd5 Qc5 16. Nxh7 Nc6 17. Qxg6+ Kd8 18. Bg5+ Ne7 19. Rd1 Qa5+ 20. Nc3+
1-0

[Event "KO, MT with ID 6000 !!!"]
[Site "SchemingMind.com"]
[Date "2012.04.23"]
[Round "-"]
[White "Ricsige"]
[Black "lennart"]
[Result "1-0"]
[WhiteCountry "AHO"]
[BlackCountry "SWE"]
[WhiteElo "1424"]
[WhiteRD "74"]
[BlackElo "1557"]
[BlackRD "52"]
[GameID "308966"]

1. d4 d5 2. c4 dxc4 3. e4 b5 4. a4 c6 5. axb5 cxb5 6. Nc3 a6 7. Nxb5 Nd7 8. Bxc4 Nb6 9. Nc3 Nxc4 10. Qa4+ Bd7
11. Qxc4 a5 12. Nf3 e6 13. Bg5 Qb8 14. b3 h6 15. Be3 Qb7 16. Ne5 Rc8 17. Qe2 Rxc3 18. O-O Bb5 19. Qb2 Bb4 20. Bd2 Bxf1
21. Bxc3 Bxc3 22. Qxc3 Bb5 23. Rxa5 Ne7 24. Qc5 Be2 25. Ra7
1-0

[Event "KO, MT with ID 6000 !!!"]
[Site "SchemingMind.com"]
[Date "2012.04.25"]
[Round "-"]
[White "emvarela"]
[Black "ajswegiel"]
[Result "0-1"]
[WhiteCountry "ARG"]
[BlackCountry "POL"]
[WhiteElo "1697"]
[WhiteRD "45"]
[BlackElo "2119"]
[BlackRD "136"]
[GameID "308968"]

1. e4 e6 2. d4 d5 3. Nc3 Nf6 4. e5 Nfd7 5. f4 c5 6. Nf3 Nc6 7. Be3 a6 8. Qd2 b5 9. dxc5 Bxc5 10. Bxc5 Nxc5
11. Qf2 Qb6 12. Be2 b4 13. Nd1 a5 14. a4 Ba6 15. Bxa6 Rxa6 16. O-O O-O 17. Nd4 Ne4
0-1

[Event "KO, MT with ID 6000 !!!"]
[Site "SchemingMind.com"]
[Date "2012.04.23"]
[Round "-"]
[White "maro"]
[Black "baron1"]
[Result "0-1"]
[WhiteCountry "MEX"]
[BlackCountry "ENG"]
[WhiteElo "1401"]
[WhiteRD "62"]
[BlackElo "2409"]
[BlackRD "112"]
[GameID "308969"]

1. e4 c6 2. d3 d5 3. Bf4 Qb6 4. Be3 Qxb2 5. Nd2 e5 6. Ngf3 Qc3 7. exd5 cxd5 8. Rb1 d4 9. Bg5 f6 10. Bh4 Nc6
11. Be2 g5 12. Bg3 g4 13. Nh4 Bh6 14. O-O Qxd2 15. Qxd2 Bxd2 16. Rfd1 Bg5 17. f3 h5 18. fxg4 hxg4 19. Ng6 Rh6
0-1

[Event "KO, MT with ID 6000 !!!"]
[Site "SchemingMind.com"]
[Date "2012.04.23"]
[Round "-"]
[White "lennart"]
[Black "Ricsige"]
[Result "0-1"]
[WhiteCountry "SWE"]
[BlackCountry "AHO"]
[WhiteElo "1501"]
[WhiteRD "53"]
[BlackElo "1476"]
[BlackRD "78"]
[GameID "308972"]

1. e4 c5 2. Nc3 Nc6 3. Nf3 d6 4. h3 Nf6 5. d3 g6 6. Be3 Bg7 7. Qd2 Bd7 8. a3 a6 9. Be2 Qc7 10. Nd5 Nxd5
11. exd5 Ne5 12. Ng5 O-O 13. h4 b5 14. Nxh7 Kxh7 15. h5 Rh8 16. Rh4 Bf6 17. Rh2 Ng4 18. Rh1 Nxe3 19. Qxe3 Bxb2 20. Ra2 Qa5+
21. Kf1 Bf6 22. g4 Rae8 23. g5 Bd4 24. Qf3 Kg8 25. Kg2 Qd2 26. hxg6 Rxh1 27. Kxh1 fxg6 28. Kg1 Rf8 29. Qe4 Bxf2+ 30. Kg2 Qxg5+
0-1

[Event "KO, MT with ID 6000 !!!"]
[Site "SchemingMind.com"]
[Date "2012.04.24"]
[Round "-"]
[White "harmy"]
[Black "Olli Ylönen"]
[Result "1-0"]
[WhiteCountry "USA"]
[BlackCountry "FIN"]
[WhiteElo "2018"]
[WhiteRD "109"]
[BlackElo "1816"]
[BlackRD "55"]
[GameID "309209"]

1. d4 e6 2. c4 Nf6 3. Nc3 Bb4 4. a3 Bxc3+ 5. bxc3 b6 6. f3 Ba6 7. e4 Nc6 8. Bg5 h6 9. Bh4 Na5 10. Nh3 Bxc4
11. Bxc4 Nxc4 12. Qe2 Na5 13. e5 g5 14. Nxg5 hxg5 15. Bxg5 Rh5 16. Bxf6 Qb8 17. h4 Nc6 18. g4 Rh7 19. Qe4
1-0

[Event "KO, MT with ID 6000 !!!"]
[Site "SchemingMind.com"]
[Date "2012.04.26"]
[Round "-"]
[White "Adrian Grajczak"]
[Black "John Galvin"]
[Result "0-1"]
[WhiteCountry "POL"]
[BlackCountry "USA"]
[WhiteElo "2089"]
[WhiteRD "67"]
[BlackElo "2342"]
[BlackRD "67"]
[GameID "309212"]

1. e4 c5 2. Nf3 e6 3. d4 cxd4 4. Nxd4 a6 5. Nc3 Bb4 6. Bd3 Nf6 7. O-O Qc7 8. Bd2 Bd6 9. h3 Nc6 10. Nb3 Be7
11. f4 d6 12. a3 O-O 13. Qe2 b5 14. Rae1 Bb7 15. Kh1 b4 16. axb4 Nxb4 17. Nd4 Nxd3 18. cxd3 Rfc8 19. Rc1 Qd8 20. Be3 Rab8
21. Rc2 a5 22. Rfc1 Ba6 23. Rd1 Nd7 24. f5 e5 25. Nf3 Nf6 26. Bg5 Bb7 27. d4 exd4 28. Nxd4 Nxe4 29. Nxe4 Bxg5 30. Rxc8 Rxc8
31. Nb5 Bxe4 32. Qxe4 h6 33. Nxd6 Qd7 34. Nxc8= Qxd1+ 35. Kh2 Qd7 36. Qc2 a4 37. g3 Qd4 38. Kg2 Bf6 39. Kf3 Kh8 40. h4 Qxb2
41. Qxa4 Qc3+ 42. Kg2 Qxc8 43. Qe4 Qc3 44. Qe8+ Kh7 45. Qxf7 Qc2+ 46. Kh1 Qxf5 47. Kh2 Qf2+ 48. Kh3= Qf1+ 49. Kg4 Qe2+ 50. Kh3 h5
51. Qd5 Be5 52. Qb3 Qe4 53. Kh2 Qxh4+
0-1

[Event "KO, MT with ID 6000 !!!"]
[Site "SchemingMind.com"]
[Date "2012.04.24"]
[Round "-"]
[White "Olli Ylönen"]
[Black "harmy"]
[Result "0-1"]
[WhiteCountry "FIN"]
[BlackCountry "USA"]
[WhiteElo "1816"]
[WhiteRD "55"]
[BlackElo "2018"]
[BlackRD "109"]
[GameID "309215"]

1. e4 e5 2. Nf3 Nc6 3. d4 exd4 4. Nxd4 Bc5 5. Be3 Qf6 6. c3 Nge7 7. Bc4 Ne5 8. Be2 d5 9. Nd2 Qg6 10. Qc2 O-O
11. O-O-O c6 12. Nf5 Nxf5 13. Bxc5 Re8 14. exf5 Bxf5 15. Qb3 Bd3 16. Rde1 Bxe2 17. Rxe2 Nd3+ 18. Kd1 Rxe2 19. Kxe2 Nxc5 20. Qb4 Qd3+
21. Kd1 Ne4
0-1

[Event "KO, MT with ID 6000 !!!"]
[Site "SchemingMind.com"]
[Date "2012.04.25"]
[Round "-"]
[White "John Galvin"]
[Black "Adrian Grajczak"]
[Result "1-0"]
[WhiteCountry "USA"]
[BlackCountry "POL"]
[WhiteElo "2329"]
[WhiteRD "66"]
[BlackElo "2119"]
[BlackRD "64"]
[GameID "309218"]

1. e4 d6 2. Nc3 Nf6 3. d4 e5 4. dxe5 dxe5 5. Qxd8+ Kxd8 6. Nf3 Bd6 7. Bd3 a6 8. Be3 h6 9. h3 Be6 10. O-O-O Nbd7
11. Kb1 b5 12. g4 Kc8 13. a4 b4 14. Ne2 Kb7= 15. Ng3 g6 16. b3 h5 17. g5 Nh7 18. Be2 Rhd8 19. Nf1 Nhf8 20. N1d2 Nb8
21. Nc4 Nc6 22. Kb2 Rd7 23. Nxd6+ cxd6 24. Ne1 Rad8 25. f4 exf4 26. Bxf4 d5 27. Nd3 Kb6 28. a5+ Nxa5 29. Nxb4 Nc6 30. Nxd5+ Bxd5
31. exd5 Rxd5 32. Ra1 a5 33. Bc4 Rf5 34. Be3+ Kb7 35. Rhf1 Re5 36. Rxf7+ Rd7 37. Bd2 Kb6 38. Rf2 Ne6 39. Bc3 Ned4 40. h4 Re4
41. Rf6 Rxh4 42. Rxa5 Kc7 43. Rc5 Kb7 44. Bd5 Rc7 45. Bxd4
1-0

[Event "KO, MT with ID 6000 !!!"]
[Site "SchemingMind.com"]
[Date "2012.04.28"]
[Round "-"]
[White "TONYTODD11"]
[Black "e_safarz"]
[Result "0-1"]
[WhiteCountry "ENG"]
[BlackCountry "CAN"]
[WhiteElo "1536"]
[WhiteRD "103"]
[BlackElo "2453"]
[BlackRD "62"]
[GameID "309468"]

1. e4 c5 2. d4 cxd4 3. c3 dxc3 4. Nxc3 Nc6 5. Be3 Nf6 6. Bd3 d6 7. Qe2 e6 8. Nf3 a6 9. O-O Be7 10. Rad1 Qc7
11. Rfe1 O-O 12. b3 b5 13. Bxb5 axb5 14. Nxb5 Qb8 15. a4 Ba6 16. Nfd4 Nxd4 17. Bxd4 e5 18. Be3 Nxe4 19. Rd5 Nc3 20. Qd2 Nxd5
21. Qxd5 Bxb5 22. axb5 Ra5 23. Bd2 Rxb5 24. Qd3 Rxb3 25. Bc3 Rc8 26. Re3 Rbxc3 27. Qd2 Qb2 28. Qe1 Rxe3 29. fxe3 Rc1 30. Qf1 Rxf1+
31. Kxf1 Bg5
0-1

[Event "KO, MT with ID 6000 !!!"]
[Site "SchemingMind.com"]
[Date "2012.04.28"]
[Round "-"]
[White "e_safarz"]
[Black "TONYTODD11"]
[Result "1-0"]
[WhiteCountry "CAN"]
[BlackCountry "ENG"]
[WhiteElo "2453"]
[WhiteRD "62"]
[BlackElo "1536"]
[BlackRD "103"]
[GameID "309477"]

1. e4 c6 2. d4 d5 3. e5 Bf5 4. Nf3 e6 5. Be2 Ne7 6. O-O Qb6 7. a4 Nd7 8. a5 Qc7 9. c4 c5 10. Nc3 cxd4
11. Nb5 Qc5 12. Nd6+ Qxd6 13. exd6 Nc8 14. cxd5 Bxd6 15. dxe6 Bxe6 16. Nxd4 Bd5 17. Nb5 O-O 18. Nxd6 Nxd6 19. Qxd5
1-0

[Event "KO, MT with ID 6000 !!!"]
[Site "SchemingMind.com"]
[Date "2012.05.04"]
[Round "-"]
[White "cnile"]
[Black "Derek"]
[Result "0-1"]
[WhiteCountry "SCO"]
[BlackCountry "INT"]
[WhiteElo "1479"]
[WhiteRD "59"]
[BlackElo "1792"]
[BlackRD "81"]
[GameID "309575"]

1. e4 c6 2. c4 d5 3. exd5 cxd5 4. cxd5 Nf6 5. Nc3 Nxd5 6. d4 g6 7. Nf3 Bg7 8. Bc4 Nb6 9. Bb3 Nc6 10. O-O O-O
11. Be3 Bd7 12. Rc1 Na5 13. Bc2 Nac4 14. b3 Nxe3 15. fxe3 Bc6 16. Bd3 Nd5 17. Nxd5 Bxd5 18. Qe2 Re8 19. Ng5 e5 20. dxe5 Qxg5
21. e4 Bxe5 22. Qc2 Rac8 23. Qd2 Qxd2
0-1

[Event "KO, MT with ID 6000 !!!"]
[Site "SchemingMind.com"]
[Date "2012.05.04"]
[Round "-"]
[White "Derek"]
[Black "cnile"]
[Result "1-0"]
[WhiteCountry "INT"]
[BlackCountry "SCO"]
[WhiteElo "1792"]
[WhiteRD "81"]
[BlackElo "1479"]
[BlackRD "59"]
[GameID "309582"]

1. d4 e6 2. c4 d5 3. Nf3 Nf6 4. Nc3 c6 5. e3 Nbd7 6. Qc2 Bb4 7. Bd3 dxc4 8. Bxc4 Nb6 9. Bd3 Nbd5 10. O-O O-O
11. e4 Nxc3 12. bxc3 Be7 13. e5 Nd5 14. Bxh7+ Kh8 15. Be4 Bd7 16. Bd2 c5 17. dxc5 Bxc5 18. Bxd5 exd5 19. Ng5 g6 20. Qd3 Bf5
21. Qg3 Kg7 22. Rfe1 Rc8 23. Qf4 Qb6 24. Be3 Bxe3 25. Rxe3 Qb2 26. Ree1 Qxc3 27. g4 Be6 28. Rac1 Qa3 29. Qf6+ Kg8 30. Nxe6 Rxc1
31. Qg7#
1-0

[Event "KO, MT with ID 6000 !!!"]
[Site "SchemingMind.com"]
[Date "2012.05.02"]
[Round "-"]
[White "Lanaroon"]
[Black "Clive Everill"]
[Result "1-0"]
[WhiteCountry "ENG"]
[BlackCountry "CZE"]
[WhiteElo "1609"]
[WhiteRD "95"]
[BlackElo "1729"]
[BlackRD "55"]
[GameID "309716"]

1. d4 Nf6 2. c4 c5 3. d5 b5 4. Nf3 e6 5. Bg5 exd5 6. cxd5 d6 7. e3 a6 8. a4 b4 9. Bc4 Be7 10. h3 Bb7
11. O-O O-O 12. Re1 Nbd7 13. h4 Nb6 14. b3 Nfxd5 15. Bxd5 Bxd5 16. a5 Bxf3 17. Qxf3 Nd7 18. Bxe7 Qxe7 19. Nd2 Ne5 20. Qe4 f5
21. Qd5+ Kh8 22. Nf3 Ng4 23. g3 h6 24. Rad1 Rfd8 25. Qxf5 Nf6 26. e4 Qc7 27. e5 dxe5 28. Rxd8+ Rxd8 29. Nxe5 Rd4 30. Ng6+ Kg8
31. Qe6+ Kh7 32. Nf8+ Kh8 33. Qxa6 Qf7 34. Ne6 Rd2 35. Nxc5 Ng4 36. Ne4 Rxf2 37. Qc8+ Kh7 38. Qxg4 Rb2 39. Rf1 Qa7+ 40. Rf2 Rb1+
41. Kg2 Qa8 42. Qf5+ Kg8 43. Qe6+ Kh7 44. Rf1 Rb2+ 45. Rf2 Rxf2+ 46. Kxf2 Qxa5 47. Qc4 Qa3 48. Qc2 Kg8 49. Nc5 Qa1 50. Qc4+ Kh7
51. Qxb4 Qb2+ 52. Kf3 Qf6+ 53. Qf4 Qc3+ 54. Qe3 Qf6+ 55. Ke2 Qb2+ 56. Qd2 Qe5+ 57. Qe3 Qb2+ 58. Kd3 Qb1+ 59. Kc4 Qc2+ 60. Kb5 Qb2
61. b4 Qf6 62. Qf4 Qe7 63. Qe4+
1-0

[Event "KO, MT with ID 6000 !!!"]
[Site "SchemingMind.com"]
[Date "2012.05.02"]
[Round "-"]
[White "Clive Everill"]
[Black "Lanaroon"]
[Result "1-0"]
[WhiteCountry "CZE"]
[BlackCountry "ENG"]
[WhiteElo "1745"]
[WhiteRD "55"]
[BlackElo "1601"]
[BlackRD "94"]
[GameID "309721"]

1. e4 e5 2. Nc3 Bc5 3. f4 Nc6 4. Nf3 d6 5. Bb5 Bd7 6. Na4 exf4 7. Nxc5 dxc5 8. d4 Nxd4 9. Bxd7+ Qxd7 10. Bxf4 Nxf3+
11. Qxf3 Qc6 12. O-O O-O-O 13. Qg4+ Qe6 14. Qxg7 Nf6 15. Qh6 Qb6 16. Bxc7 Kxc7 17. Rxf6 Qxb2 18. Rxf7+ Rd7 19. Rxd7+ Kxd7 20. Rd1+ Qd4+
21. Rxd4+ cxd4 22. Qg7+
1-0

[Event "KO, MT with ID 6000 !!!"]
[Site "SchemingMind.com"]
[Date "2012.05.12"]
[Round "-"]
[White "Lastcafe"]
[Black "John Hamer"]
[Result "1-0"]
[WhiteCountry "THA"]
[BlackCountry "ENG"]
[WhiteElo "1923"]
[WhiteRD "89"]
[BlackElo "1968"]
[BlackRD "70"]
[GameID "310250"]

1. e4 c6 2. d4 d5 3. Nc3 dxe4 4. Nxe4 Bf5 5. Ng3 Bg6 6. Nf3 e6 7. h4 h6 8. Ne5 Bh7 9. Bd3 Nf6 10. Bxh7 Rxh7
11. O-O g6 12. Qd3 Nfd7 13. Nxg6 Bd6 14. Nh5 Qa5 15. Ne5 Rh8 16. f4 Bf8 17. Qe3 Qc7 18. Bd2 Na6 19. Rae1 Nxe5 20. Nf6+ Kd8
21. fxe5 Be7 22. Re2 Qb6 23. Bc3 Nc7 24. Qg3 Qa6 25. Qg7 Rf8 26. Ref2 Qxa2= 27. Nh7
1-0

[Event "KO, MT with ID 6000 !!!"]
[Site "SchemingMind.com"]
[Date "2012.05.12"]
[Round "-"]
[White "John Hamer"]
[Black "Lastcafe"]
[Result "1/2-1/2"]
[WhiteCountry "ENG"]
[BlackCountry "THA"]
[WhiteElo "1968"]
[WhiteRD "70"]
[BlackElo "1923"]
[BlackRD "89"]
[GameID "310258"]

1. d4 Nf6 2. Bf4 d5 3. e3 c5 4. c3 e6 5. Nd2 Nc6 6. Ngf3 Bd6 7. Bg3 O-O 8. Bd3 Bxg3 9. hxg3 h6 10. dxc5 a5
11. Qa4 e5 12. Bb5 Qc7 13. O-O Na7 14. Be2 Bd7 15. Qa3 Nc6 16. Rac1 Rfc8 17. Rfd1 Bg4 18. c4 d4 19. Re1 Rd8 20. exd4 exd4
21. Bd3 Nb4 22. Ne5 Qxc5 23. Nb3 Qc7 24. Nd2 Re8 25. Nxg4 Nxg4 26. Nf3=
1/2-1/2

[Event "KO, MT with ID 6000 !!!"]
[Site "SchemingMind.com"]
[Date "2012.05.25"]
[Round "-"]
[White "spoke"]
[Black "baron1"]
[Result "0-1"]
[WhiteCountry "GER"]
[BlackCountry "ENG"]
[WhiteElo "1887"]
[WhiteRD "68"]
[BlackElo "2409"]
[BlackRD "112"]
[GameID "311137"]

1. e4 c6 2. d4 d5 3. exd5 cxd5 4. c4 Nf6 5. Nc3 Nc6 6. Bg5 Be6 7. c5 Ne4 8. Nxe4 dxe4 9. Ne2 g6 10. g3 Bg7
11. Be3 Bg4
0-1